| 000 | 00657nam a2200193 a 4500 | ||
|---|---|---|---|
| 001 | 2995 | ||
| 003 | CDMR | ||
| 005 | 20131023122718.0 | ||
| 008 | 130130s1947||||||||||||||||||||||||||||d | ||
| 040 |
_aCDMR _bcat _cCDMR |
||
| 100 | 1 |
_aMaragall, Joan _9196 |
|
| 245 | 1 | 0 |
_aObres completes [obra catalana i obra castellana] _cJoan Maragall ; pròleg a l'obra catalana per Josep M. Capdevila ; pròleg a l'obra castellana per M. dels S. Oliver |
| 260 |
_aBarcelona _c1947 _bSelecta |
||
| 300 |
_a1893 p ; _c21 cm |
||
| 490 | 0 | _aBiblioteca Perenne | |
| 700 | 1 |
_aCapdevila, Josep Maria _epr. _92202 |
|
| 700 | 1 |
_aOliver, Miquel dels Sants _9189 _4pr. |
|
| 942 |
_cMON _2udc |
||
| 999 |
_c2995 _d2995 |
||